Thiết kế board mạch chính của một máy tính đơn giản dùng mP Z80 Luận văn tốt nghiệp Đại học Kĩ thuật ngành Điện tử Khoa 17

保存先:
書誌詳細
第一著者: Huỳnh Thanh Hiếu
フォーマット: 図書
言語:Undetermined
出版事項: Cần Thơ Trường Đại học Cần Thơ, Khoa Công nghệ thông tin 1996
タグ: タグ追加
タグなし, このレコードへの初めてのタグを付けませんか!
Thư viện lưu trữ: Trung tâm Học liệu Trường Đại học Cần Thơ
LEADER 00651nam a2200157Ia 4500
001 CTU_15258
008 210402s9999 xx 000 0 und d
100 |a Huỳnh Thanh Hiếu 
245 0 |a Thiết kế board mạch chính của một máy tính đơn giản dùng mP Z80 
245 0 |b Luận văn tốt nghiệp Đại học Kĩ thuật ngành Điện tử Khoa 17 
245 0 |c Huỳnh Thanh Hiếu 
260 |a Cần Thơ 
260 |b Trường Đại học Cần Thơ, Khoa Công nghệ thông tin 
260 |c 1996 
904 |i chi, 961212 
980 |a Trung tâm Học liệu Trường Đại học Cần Thơ